Business statistics by example / (Record no. 532125)

000 -LEADER
fixed length control field 01000cam a2200289 a 4500
001 - CONTROL NUMBER
control field 2087488
003 - CONTROL NUMBER IDENTIFIER
control field NUST
005 - DATE AND TIME OF LATEST TRANSACTION
control field 20191110121326.0
008 - FIXED-LENGTH DATA ELEMENTS--GENERAL INFORMATION
fixed length control field 950821s1996 ncua 001 0 eng
010 ## - LIBRARY OF CONGRESS CONTROL NUMBER
LC control number 95020649
020 ## - INTERNATIONAL STANDARD BOOK NUMBER
International Standard Book Number 0024104418 (hard)
038 ## - RECORD CONTENT LICENSOR
Staff Name nbs
040 ## - CATALOGING SOURCE
Original cataloging agency DLC
Transcribing agency DLC
Modifying agency DLC
050 00 - LIBRARY OF CONGRESS CALL NUMBER
Classification number HF1017
Item number .S53 1996
082 00 - DEWEY DECIMAL CLASSIFICATION NUMBER
Classification number 519.5
Author Mark SIN
100 1# - MAIN ENTRY--PERSONAL NAME
Personal name Sincich, Terry.
9 (RLIN) 164
245 10 - TITLE STATEMENT
Title Business statistics by example /
Statement of responsibility, etc. Terry Sincich.
250 ## - EDITION STATEMENT
Edition statement 5th ed.
260 ## - PUBLICATION, DISTRIBUTION, ETC.
Place of publication, distribution, etc. Upper Saddle River, NJ :
Name of publisher, distributor, etc. Prentice Hall,
Date of publication, distribution, etc. c1996.
300 ## - PHYSICAL DESCRIPTION
Extent xx, 1259 p. :
Other physical details ill. ;
Dimensions 25 cm. +
Accompanying material 1 computer disk (3 1/2 in.) + 1 set of user's notes.
500 ## - GENERAL NOTE
General note Includes index.
650 #0 - SUBJECT ADDED ENTRY--TOPICAL TERM
Topical term or geographic name entry element Commercial statistics.
9 (RLIN) 25448
650 #0 - SUBJECT ADDED ENTRY--TOPICAL TERM
Topical term or geographic name entry element Commercial statistics
General subdivision Case studies.
9 (RLIN) 25449
906 ## - LOCAL DATA ELEMENT F, LDF (RLIN)
a 7
b cbc
c orignew
d 1
e ocip
f 19
g y-gencatlg
942 ## - ADDED ENTRY ELEMENTS (KOHA)
Source of classification or shelving scheme
Koha item type Book
Holdings
Withdrawn status Lost status Source of classification or shelving scheme Damaged status Not for loan Permanent Location Current Location Shelving location Date acquired Total Checkouts Full call number Barcode Date last seen Price effective from Koha item type
          Central Library (CL) Central Library (CL) Statistics 11/10/2019   519.5 SIN NBS3776 11/10/2019 11/10/2019 Book
© 2023 Central Library, National University of Sciences and Technology. All Rights Reserved.